00380 a2200145 4500003000400000005001700004008004100021020001800062040000900080082001500089100001900104245006900123260003300192300000900225OSt20240110120042.0240110b |||||||| |||| 00| 0 eng d a9789382581703 coclc a297bSAL/I aSaleem, Mishal aIndiayodu Yudham cheyyan Nabi kalppichuvo ? /cDr. Mishal Saleem aKerala:bDa'wa books,c2021. a147p